Statistiques concernant Champions de League of Legends de A à Z en images

Cliquez ici pour prendre le quiz!

Statistiques générales

  • Ce quiz a été pris 256 fois
    (34 depuis la dernière actualisation)
  • Le résultat moyen est 23 sur 26

Statistiques - réponses

Réponse% Correct
Jinx
97%
Lux
97%
Vi
97%
Akali
93%
Darius
93%
Ezreal
93%
Gragas
93%
Fizz
90%
Heimerdinger
90%
Kayle
90%
Pantheon
90%
Teemo
90%
Urgot
90%
Wukong
90%
Cho'Gath
87%
Ivern
87%
Milio
87%
Neeko
87%
Olaf
87%
Riven
87%
Shaco
87%
Zeri
87%
Xayah
83%
Yuumi
83%
Briar
80%
Quinn
70%

Distribution des résultats

Percentile par nombre de réponses

% des personnes avec chaque résultat

Votre développement - résultats

Vous n’avez pas pris ce quiz depuis la dernière actualisation